000 00846nam a2200229Ia 4500
001 18879
003 GE_BSU
008 181216s||||||||xx |||||||||||||| ||und||
040 _cGE_BSU
245 _aკარიბჭე №18(286)27აგვისტო-9სექტემბერი.2015
245 _bმართლმადიდებლური ჟურნალი.
245 _cმთავარი რედაქტორი: თამარ მამაცაშვილი.
260 _aთბილისი
260 _bსტამბა კოლორი
260 _c2015
300 _a62გვ;ილ;28სმ.
653 _aკარიბჭე.
653 _aპერიოდიკა
653 _aრელიგია
653 _aსაეკლესიო ჟურნალი
942 _cCR
999 _c51880
_d51880